000
00215 a2200097 4500
001
57889
100
_a
245
_a
Death of princess
260
_a
London
_b
Weidenfeld & Nicolson
_c
090
_c
35499
_d
35499
942
_a
NUST-CAE
_c
MONOGRAPH
_c
28334
999
_c
292962
_d
292962